|
|
|
|
| LEADER |
00667cam a2200181 7i4500 |
| 001 |
0000050471 |
| 005 |
20170218090000.0 |
| 020 |
|
|
|a 9781483344751 (pbk.)
|
| 090 |
0 |
0 |
|a P90
|b .H74 2016
|
| 100 |
1 |
|
|a Hanson, Ralph E
|
| 245 |
1 |
0 |
|a Mass communication :
|b living in a media world
|c Ralph E. Hanson..
|
| 250 |
|
|
|a 5th ed.
|
| 260 |
|
|
|a Thousand Oaks, California:
|b Sage Publications, Inc.,
|c 2016.
|
| 300 |
|
|
|a xvi, 458 p.:
|b col. ill.;
|c 28 cm.
|
| 504 |
|
|
|a Includes bibliographical references and index
|
| 650 |
0 |
0 |
|a Mass media
|
| 997 |
|
|
|a Communication, Visual Art & Computing, Faculty
|b Communication, Department
|
| 999 |
|
|
|a 0000059127
|b BOK
|c OPEN SHELF
|e 1st Floor, Bestari Jaya
|